Bharathi Thirunal (Record no. 232715)

MARC details
000 -LEADER
fixed length control field 00424nam a2200181Ia 4500
008 - FIXED-LENGTH DATA ELEMENTS--GENERAL INFORMATION
fixed length control field 240823s9999||||xx |||||||||||||| ||und||
082 ## - DEWEY DECIMAL CLASSIFICATION NUMBER
-- 894.81115 Q4
100 ## - MAIN ENTRY--PERSONAL NAME
Personal name Nalli Kupusami Settiyar
245 #0 - TITLE STATEMENT
Title Bharathi Thirunal
250 ## - EDITION STATEMENT
Edition statement 2nd
260 ## - PUBLICATION, DISTRIBUTION, ETC. (IMPRINT)
Date of publication, distribution, etc 2014
Name of publisher, distributor, etc Sri Puvaneswari Pathi
500 ## - GENERAL NOTE
General note YES
650 ## - SUBJECT ADDED ENTRY--TOPICAL TERM
Topical term or geographic name as entry element Tamil Books
942 ## - ADDED ENTRY ELEMENTS (KOHA)
Item type Books
Holdings
Withdrawn status Lost status Damaged status Permanent location Current location Date acquired Source of acquisition Cost, normal purchase price Full call number Barcode Date last seen Koha item type
      CENTRAL LIBRARY, NOORUL ISLAM CENTRE FOR HIGHER EDUCATION CENTRAL LIBRARY, NOORUL ISLAM CENTRE FOR HIGHER EDUCATION 02/17/2014 Gift Book 100.00 894.81115 Q4 80703 08/23/2024 Books
Visitors:
Copyright © 2024 Central Library NICHE.  All rights reserved.